000 00660nam a22002057a 4500
003 0
005 20251028120548.0
008 251028b xxu||||| |||| 00| 0 eng d
020 _a978-1-77956-320-0
050 _aTX 911.3.M27
_b.J89 2025
100 _aJuyal, Deepak,
_eauthor.
245 _aIntroduction to hotel operations /
_cDeepak Juyal.
260 _aBurlington, ON :
_bToronto Academic Press,
_c2025.
300 _axvii, 366 pages :
_bcolored illustrations ;
_c26 cm.
504 _aIncludes bibliographical references and index.
650 _aHotel management.
650 _aHospitality industry.
650 _aHotels
_xManagement.
942 _2lcc
_cBK
999 _c368375
_d368375